Bruce Lee Quiz - Statistics

General Stats
  • This quiz has been taken 61 times
  • The average score is 8 of 18
Answer Stats
Hint Answer % Correct
How many years old was Bruce Lee when he died? 32
79%
What was the name of Bruce Lee's son? Brandon
76%
Bruce Lee defeats which famous martial arts star in “The Way of the Dragon”? Chuck Norris
74%
Who did Bruce Lee learn wing chun from? Ip Man
69%
What city has a statue of Bruce Lee? Hong Kong
57%
Which action movie star had a small role in "Enter the Dragon"? Jackie Chan
57%
Which university did Bruce Lee attend? University of Washington
45%
What was Bruce Lee's major at the University of Washington? Philosophy
40%
What was the name of the head villain in the Bruce Lee film "Enter the Dragon"? Han
38%
What martial arts style did Bruce Lee invent? Jeet Kun Do
38%
What martial arts weapon did Bruce Lee popularize in the West? Nunchaku
38%
What was the name of Bruce Lee's first Hong Kong kung fu movie? The Big Boss
38%
Bruce Lee died in Hong Kong, but where is his body's final resting place? Seattle
29%
What was Bruce Lee's nickname? Little Dragon
26%
In which country was the 1971 Bruce Lee film "The Big Boss" filmed? Thailand
26%
In the original plot of "Game of Death", what building would Bruce Lee have entered? Pagoda
24%
In “Game of Death,” what uniform does Bruce Lee wear? Yellow and black jumpsuit
5%
What weapon does the villain Han use against Bruce Lee's character in "Enter the Dragon"? Prosthetic hand
2%
No matching quizzes found
Score Distribution
Percent of People with Each Score
Percentile by Number Answered
Your Score History
You have not taken this quiz